|
|
|
|
| LEADER |
01531nam a2200313 u 4500 |
| 001 |
10025693 |
| 003 |
upatras |
| 005 |
20210301113954.0 |
| 008 |
980707s1993 us eng |
| 020 |
|
|
|a 013709115X
|q (Χαρτόδετο)
|
| 040 |
|
|
|a GR-PaULI
|c GR-PaULI
|
| 041 |
0 |
|
|a eng
|
| 082 |
0 |
4 |
|a 621.36
|
| 100 |
1 |
|
|a Billings, Alan
|9 151734
|
| 245 |
1 |
0 |
|a Optics, optoelectronics and photonics
|b engineering principles and applications
|c Alan Billings
|
| 260 |
|
|
|a New York, NY
|b Prentice Hall
|c 1993
|
| 300 |
|
|
|a xv, 404 p.
|b fig.
|c 23 cm
|
| 490 |
0 |
|
|a Prentice - Hall international series in optoelectronics
|
| 505 |
1 |
|
|a Includes appendix, index
|
| 650 |
|
4 |
|a Οπτική
|9 353
|
| 650 |
|
4 |
|a Οπτοηλεκτρονική
|9 64446
|
| 760 |
1 |
|
|a Prentice-Hall international series in optoelectronics
|
| 852 |
|
|
|a GR-PaULI
|b ΠΑΤΡΑ
|b ΦΥΣΙΚΟ
|k ΑΕΧ-1
|h 621.36 BIL
|m 05516
|t 1
|
| 852 |
|
|
|a GR-PaULI
|b ΠΑΤΡΑ
|b ΦΥΣΙΚΟ
|k ΑΕΧ-1
|h 621.36 BIL
|m 05580
|p 025000022477
|t 2
|
| 942 |
|
|
|2 ddc
|c BK15
|
| 952 |
|
|
|0 0
|1 0
|4 0
|6 621_360000000000000_BIL
|7 0
|9 195441
|a PHYS
|b PHYS
|d 2016-04-24
|i 05516
|l 0
|o 621.36 BIL
|r 2016-04-24 00:00:00
|t 1
|w 2016-04-24
|y BK15
|
| 952 |
|
|
|0 0
|1 0
|4 0
|6 621_360000000000000_BIL
|7 0
|9 195442
|a PHYS
|b PHYS
|d 2016-04-24
|i 05580
|l 0
|o 621.36 BIL
|p 025000022477
|r 2016-04-24 00:00:00
|t 2
|w 2016-04-24
|y BK15
|
| 952 |
|
|
|0 0
|1 0
|2 ddc
|4 0
|6 621_360000000000000_BIL
|7 0
|9 249034
|a LISK
|b LISK
|c BSC
|d 2021-01-17
|e 24
|f 0
|g 0.00
|l 0
|o 621.36 BIL
|p 9241006616
|r 2021-01-17 00:00:00
|t 1
|w 2021-01-17
|y BK15
|x 19991024 0 1
|x GrPaTEI
|
| 999 |
|
|
|c 119924
|d 119924
|